| 000 | 00911namaa22001931 4500 | ||
|---|---|---|---|
| 001 | 174020 | ||
| 003 | ES-MaACL | ||
| 005 | 20250824074931.0 | ||
| 008 | 100205s1890 sp |||| | spa d | ||
| 100 | 1 |
_aDicenta, Joaquín, _d1863-1917 _944474 |
|
| 245 | 1 | 4 |
_aLos irresponsables _b: drama en tres actos y en verso / _coriginal de Joaquín Dicenta. |
| 260 |
_aMadrid : _bFlorencio Fiscowich, _c1890 ( _fImp. de José Rodriguez) |
||
| 300 |
_a88 p. ; _c20 cm. |
||
| 490 | 1 | _aEl teatro: colección de obras dramáticas y líricas | |
| 500 | _aEn port.: Estrenado con extraordinario éxito en el teatro Español la noche del 27 de noviembre de 1890. | ||
| 830 | 0 | 3 |
_aEl teatro: colección de obras dramática y líricas _9221753 |
| 852 |
_aES-MaACL _jF-8645(2) _z.- Enc. hol. _z.- Enc. en un vol. facticio formando parte de la col. facticia "Teatro español moderno" v. 102 |
||
| 999 |
_c174020 _d174020 |
||